| 000 | 01720nam a2200349 u 4500 | ||
|---|---|---|---|
| 001 | 000249352 | ||
| 003 | AM-YeHGA | ||
| 005 | 20250617125000.0 | ||
| 008 | 030722s1989 ||||||||r|||||000|0|rus|d | ||
| 020 | _a5343000770 | ||
| 040 | _aAM-YeHGA | ||
| 245 | 0 | 0 |
_aПроизводные пантотеновой кислоты. Разработка новых витаминных и фармакотерапевтических средств / _cА.Г. Моисеенок, В.М. Копелевич, В.М. Шейбак и др. ; под ред. В.И. Гунара, П.И. Лукиенко; АН БССР, Институт биохимии. |
| 260 |
_aМинск : _bНаука и техника, _c1989. |
||
| 300 |
_a216 с. : _bил., табл. ; _c20 см. |
||
| 500 | _aПредисл. : с. 4-6 | ||
| 504 | _aСписок лит. : с. 201-214 | ||
| 650 | 1 | 4 | _aБиохимия |
| 650 | 1 | 4 | _aПантотеновая килота |
| 650 | 1 | 4 | _aТехнология фармацевтическая |
| 650 | 1 | 4 |
_aВитамины _xМетаболизм |
| 650 | 1 | 4 | _aПантотеновая кислота |
| 650 | 1 | 4 | _aБиохимические феномены, метаболизм и питание |
| 650 | 1 | 4 | _aБиотрансформация |
| 700 | 1 | _aМоисеенок, Андрей Георгиевич | |
| 700 | 1 | _aКопелевич, Вячеслав Михайлович | |
| 700 | 1 | _aШейбак, Владимир Михайлович | |
| 700 | 1 |
_aГунар, В.И. _eред. _4edt |
|
| 700 | 1 |
_aЛукиенко, П.И. _eред. _4edt |
|
| 710 | 2 | _aАкадемия наук Белорусской ССР | |
| 710 | 2 | _aИнститут биохимии | |
| 090 | _c90476 | ||
| 999 |
_c89190 _d89190 |
||